Obnova pasienkov na karpatských salašoch ; Pasienky, lúky a trávniky ; Trávne porasty po odlesnení a samozalesnení
| Main Author: | |
|---|---|
| Format: | Software eBook |
| Language: | Slovak |
| PhysicalDescription: | 1 elektronický optický disk (CD-ROM) fotogr., grafy, sch., tab. 12 cm |
| Published: |
Vranov nad Topľou
Elibrol
2011
|
| ISBN: | 9788089528110 9788089528103 9788089528127 |
| Edition: | 1. vyd. |
| Subjects: |
MARC
| LEADER | 00000nam a2200000 a 4500 | ||
|---|---|---|---|
| 001 | vtls010331073 | ||
| 003 | SK-MaSNL | ||
| 005 | 20260301173426.0 | ||
| 007 | co bg auuua | ||
| 008 | 240314s2011 xo daolfs 000 0dslo | ||
| 015 | |a SNBS2013 | ||
| 020 | |a 9788089528110 |q (elektronická kniha) | ||
| 020 | |a 9788089528103 |q (elektronická kniha) | ||
| 020 | |a 9788089528127 |q (elektronická kniha) | ||
| 040 | |a SNK |b slo |c SNK |e AACR2 | ||
| 041 | 0 | |a slo | |
| 044 | |a xo |c SK | ||
| 072 | 7 | |a 633 |x Rastlinná výroba |2 konspekt | |
| 072 | 7 | |a 636 |x Živočíšna výroba |2 konspekt | |
| 080 | |a 633.2.033 |2 2001 | ||
| 080 | |a 636.32/.38:638.08 |2 2001 | ||
| 080 | |a 635.928 |2 2001 | ||
| 080 | |a 633.2.03 |2 2001 | ||
| 080 | |a 633.2 |2 2001 | ||
| 080 | |a 630.42 |2 2001 | ||
| 080 | |a 630.233 |2 2001 | ||
| 080 | |a (0.034.44) |2 2001 | ||
| 080 | |a (048.8) |2 2001 | ||
| 100 | 1 | |a Novák, Ján, |d 1953- |4 aut |9 201085 | |
| 245 | 1 | 0 | |a Obnova pasienkov na karpatských salašoch ; Pasienky, lúky a trávniky ; Trávne porasty po odlesnení a samozalesnení |h elektronický zdroj |c Ján Novák |
| 250 | |a 1. vyd. | ||
| 260 | |a Vranov nad Topľou |b Elibrol |c 2011 | ||
| 300 | |a 1 elektronický optický disk (CD-ROM) |b fotogr., grafy, sch., tab. |c 12 cm | ||
| 500 | |a Dokument obsahuje 3 diela | ||
| 500 | |a Názov z titulnej obrazovky. Biogr. údaje | ||
| 504 | |a Bibliogr. odkazy | ||
| 516 | |a Textový dokument (monografie), súbory vo formáte pdf | ||
| 536 | |a Vydané s podporou projektu VEGA MŠ SR a SAV č. 1/3453/06 | ||
| 538 | |a Technické požiadavky: PDF prehliadač | ||
| 650 | 0 | 7 | |a pasienky |2 SNKPH |9 15081 |
| 650 | 0 | 7 | |a chov oviec |2 SNKPH |9 29711 |
| 650 | 0 | 7 | |a salašníctvo |2 SNKPH |9 75877 |
| 650 | 0 | 7 | |a trávniky |2 SNKPH |9 2724 |
| 650 | 0 | 7 | |a lúky |2 SNKPH |9 3676 |
| 650 | 0 | 7 | |a trávne porasty |2 SNKPH |9 3678 |
| 650 | 0 | 7 | |a Odlesnenie |2 SNKPH |9 544292 |
| 650 | 0 | 7 | |a samozalesňovanie |2 SNKPH |9 544293 |
| 650 | 0 | 7 | |a Pastures |2 SNKPHeng |9 265402 |
| 650 | 0 | 7 | |a Sheep Farming |2 SNKPHeng |9 274578 |
| 650 | 0 | 7 | |a Lawns |2 SNKPHeng |9 371522 |
| 650 | 0 | 7 | |a Meadows |2 SNKPHeng |9 265403 |
| 650 | 0 | 7 | |a Grasslands |2 SNKPHeng |9 313547 |
| 650 | 0 | 7 | |a Deforestation |2 SNKPHeng |9 480060 |
| 650 | 0 | 7 | |a Reforestation |2 SNKPHeng |9 353563 |
| 655 | 7 | |a elektronické zdroje |2 SNKPH |9 90954 | |
| 655 | 7 | |a CD-ROM |2 SNKPH |9 70236 | |
| 655 | 7 | |a monografie |2 SNKPH |9 70139 | |
| 655 | 7 | |a Electronic resources |2 SNKPHeng |9 175546 | |
| 655 | 7 | |a Monographs |2 SNKPHeng |9 120675 | |
| 740 | 0 | 2 | |a Pasienky, lúky a trávniky |
| 740 | 0 | 2 | |a Trávne porasty po odlesnení a samozalesnení |
| 919 | |a 978-80-89528-11-0 | ||
| 919 | |a 978-80-89528-10-3 | ||
| 919 | |a 978-80-89528-12-7 | ||
| 958 | |a NB | ||
| 999 | |c 836627 |d 838557 | ||
| 952 | |a SNK |b SNK |y PREZ |7 0 |p 17A0833950 |o snkSCDM 4332 |i snk2011/24579 |8 0 |0 0 |1 0 |4 0 |d 2011-12-16 |l 0 |r 2026-02-24 03:56:59 |w 2026-02-24 | ||


